| 000 | 00515nam a2200157 a 4500 | ||
|---|---|---|---|
| 001 | 000040122 | ||
| 005 | 20201002033930.0 | ||
| 008 | 130808s1989 pr 000 0 spa d | ||
| 020 | _a0865814384 | ||
| 040 |
_aDO-SdBNP _bspa _cBNPHU |
||
| 100 | 1 |
_aRivera, Etnairis _922773 |
|
| 245 | 1 | 0 |
_aEntre ciudades y casi paraisos / _cEtnairis Rivera. |
| 260 |
_aPuerto Rico : _bInstituto de Cultura Puertorriqueña, _c1989. |
||
| 300 |
_a156 p ; _c22 cm. |
||
| 500 | _aIncluye datos biográficos de la autora en la contracubierta | ||
| 999 |
_c39612 _d39612 |
||